000 00769nam a2200253Ia 4500
003 GCL
008 140319s9999 xx 000 0 ara d
020 _a3176205977
040 _aGCL /
_cGCL
082 0 4 _a371.3
_bم ا
100 1 _aمجدى عزيز ابراهيم
245 1 0 _aالاصول التربوية لعملية التدريس /
_cمجدى عزيز ابراهيم
250 _aالثالثة
260 _aالقاهرة :
_bمكتبة الانجلوالمصرية ،
_c2000
300 _a297 ص ؛
_c24 سم
490 _a
650 0 4 _aطرق التدريس
650 0 4 _aالتعليم
650 0 4 _aالتربية
650 0 4 _aالمناهج
650 0 4 _aالتخطيط التربوى
650 0 4 _aالتدريس
942 _2ddc
_cBK
999 _c31720
_d31720